| 000 | 00519nam a2200097Ia 4500 | ||
|---|---|---|---|
| 005 | 20250424112846.0 | ||
| 008 | 250424s9999 xx 000 0 und d | ||
| 300 | _avii, 149 p. ; 22 cm. | ||
| 650 | _aHumanitarian law--Periodicals. Humanitarian assistance--Law and legislation--Periodicals. War victims--Legal status, laws, etc.--Periodicals. Combatants and noncombatants (International law)--Periodicals. Disaster relief--Law and legislation--Periodicals. Natural disasters--Law and legislation--Periodicals. | ||
| 942 | _cSR | ||
| 999 |
_c37537 _d37537 |
||